000 00289nam a2200097Ia 4500
082 _a352.14|MUN
245 0 _aMunicipal management : serving the people
100 _a Van der Waldt, Gerrit, , 1965- Cape Town, 2014
_959305
942 _cBK
008 210817s9999 xx 000 0 und d
999 _c186268
_d186267